Civil & Criminal Remedies against Dishonour of Cheque / (Record no. 586893)
[ view plain ]
| 000 -LEADER | |
|---|---|
| fixed length control field | 00407nam a22001337a 4500 |
| 082 ## - DEWEY DECIMAL CLASSIFICATION NUMBER | |
| Classification number | 342.3 MUG |
| 100 ## - MAIN ENTRY--PERSONAL NAME | |
| Personal name | Mughal, Munir Ahmad |
| 245 ## - TITLE STATEMENT | |
| Title | Civil & Criminal Remedies against Dishonour of Cheque / |
| Statement of responsibility, etc. | Munir Ahmad Mughal |
| 260 ## - PUBLICATION, DISTRIBUTION, ETC. | |
| Place of publication, distribution, etc. | Lahore : |
| Name of publisher, distributor, etc. | Popular Law Book House, |
| Date of publication, distribution, etc. | 2019. |
| 300 ## - PHYSICAL DESCRIPTION | |
| Extent | 1102 p. ; |
| Dimensions | 24 cm. |
| 942 ## - ADDED ENTRY ELEMENTS (KOHA) | |
| Source of classification or shelving scheme | |
| Koha item type | Book |
| Withdrawn status | Lost status | Source of classification or shelving scheme | Damaged status | Not for loan | Permanent Location | Current Location | Shelving location | Date acquired | Source of acquisition | Full call number | Barcode | Date last seen | Price effective from | Koha item type |
|---|---|---|---|---|---|---|---|---|---|---|---|---|---|---|
| NUST Law School (NLS) | NUST Law School (NLS) | Law | 11/28/2021 | Federal Law House | 342.3 MUG | CL-717 | 11/28/2021 | 11/28/2021 | Book |
